<?xml version="1.0" encoding="UTF-8"?>
<collection xmlns="http://www.loc.gov/MARC21/slim">
 <record>
  <leader>01478nam a2200193Ia 4500</leader>
  <controlfield tag="001">CTU_219214</controlfield>
  <controlfield tag="008">210402s9999    xx            000 0 und d</controlfield>
  <datafield tag="082" ind1=" " ind2=" ">
   <subfield code="a">621.3813</subfield>
  </datafield>
  <datafield tag="082" ind1=" " ind2=" ">
   <subfield code="b">M436</subfield>
  </datafield>
  <datafield tag="100" ind1=" " ind2=" ">
   <subfield code="a">Matthaei, George L.</subfield>
  </datafield>
  <datafield tag="245" ind1=" " ind2="0">
   <subfield code="a">Microwave filters, impedance-matching networks, and coupling structures</subfield>
  </datafield>
  <datafield tag="245" ind1=" " ind2="0">
   <subfield code="c">George L. Matthaei, Leo Young [and] E. M. T. Jones</subfield>
  </datafield>
  <datafield tag="260" ind1=" " ind2=" ">
   <subfield code="a">New York</subfield>
  </datafield>
  <datafield tag="260" ind1=" " ind2=" ">
   <subfield code="b">McGraw-Hill</subfield>
  </datafield>
  <datafield tag="260" ind1=" " ind2=" ">
   <subfield code="c">1964</subfield>
  </datafield>
  <datafield tag="520" ind1=" " ind2=" ">
   <subfield code="a">Some general applications of filter structures in microwave engineering, some useful circuit concepts and equations, principles of the image method for filter design, low-pass prototype filters obtained by network synthesis methods, properties of some common microwave filter elements, stepped-impedence transformers and filter prototypes, low-pass and high-pass filters using semi-lumped elements or waveguide corrugations, band-pass filters, special procedures to aid in the practical development of coupled-resonator band-pass filters, impedance-matching networks, and time-delay networks, band-stop filters, tem-mode, coupled transmission-line directional couplrs and branch-line directional couplers, directional, channel-separation filters and traveling-wave ring-resonators, high-power filters, multiplexer design, mechanically and magnetically tunable microwave filters.</subfield>
  </datafield>
  <datafield tag="650" ind1=" " ind2=" ">
   <subfield code="a">Electric filters,Bộ lọc điện</subfield>
  </datafield>
  <datafield tag="904" ind1=" " ind2=" ">
   <subfield code="i">Gia Linh,Hải</subfield>
  </datafield>
  <datafield tag="980" ind1=" " ind2=" ">
   <subfield code="a">Trung tâm Học liệu Trường Đại học Cần Thơ</subfield>
  </datafield>
 </record>
</collection>
